Liedtext Detektiv Conan-Mein Gehimnis - Statistiken

Allgemein
  • Dieses Quiz wurde 43 mal gespielt
  • Das Durchschnittsergebnis liegt bei 201 aus 321
Antwortstatistiken
Antwort % Korrekt
mein
94%
Du
90%
du
90%
ich
90%
die
87%
Geheimnis
87%
sie
87%
Sie
87%
den
84%
der
84%
und
84%
Und
84%
das
81%
es
81%
wir
81%
Wir
81%
bist
77%
er
77%
kann
77%
nicht
77%
zu
77%
auf
74%
für
74%
im
74%
in
74%
ist
74%
seh´n
74%
sind
74%
uns
74%
was
74%
Was
74%
wie
74%
bin
71%
dir
71%
immer
71%
los
71%
muss
71%
wenn
71%
Wenn
71%
wo
71%
an
68%
Dein
68%
doch
68%
Doch
68%
gehen
68%
geh´n
68%
hält
68%
mich
68%
nur
68%
Weg
68%
alles
65%
dann
65%
denn
65%
heut
65%
mir
65%
mit
65%
morgen
65%
Nacht
65%
niemand
65%
oft
65%
richtig
65%
vor
65%
dunkle
61%
Fragen
61%
gibt
61%
jeder
61%
langen
61%
liegt
61%
mal
61%
man
61%
sagen
61%
tun
61%
unsere
61%
Wege
61%
wirst
61%
am
58%
Am
58%
auch
58%
eigenen
58%
Ende
58%
geht
58%
geschieht
58%
lässt
58%
lebst
58%
mehr
58%
niemals
58%
Richtung
58%
sieh
58%
Tage
58%
weit
58%
Welt
58%
Zukunft
58%
zweit
58%
andere
55%
dort
55%
Flüstern
55%
Inseln
55%
Ohr
55%
schwankenden
55%
sich
55%
Suche
55%
tasten
55%
vorbei
55%
Vorbei
55%
weiter
55%
bei
52%
deiner
52%
Dorthin
52%
gar
52%
gleich
52%
macht
52%
sieht
52%
Sinn
52%
von
52%
zeigt
52%
ein
48%
finden
48%
gehts
48%
genauso
48%
noch
48%
So
48%
warte
48%
wohnt
48%
längste
45%
dich
42%
jetzt
42%
gemeinsam
39%
Hand
39%
nichts
39%
wer
39%
sein
35%
wird
35%
Dass
32%
Leben
32%
Möcht
32%
diesem
29%
durchs
29%
ewig
29%
zurück
29%
diesen
26%
Herzen
26%
hinter
26%
kurz
26%
neues
26%
Ort
26%
Regen
26%
sicher
26%
spür
26%
Traum
26%
wohin
26%
Erinnerung
23%
fällt
23%
fort
23%
führt
23%
kalter
23%
Meer
23%
Sternen
23%
verborgen
23%
Vergangenheit
23%
zeigen
23%
folgen
19%
setzen
19%
unsichtbar
19%
jemals
16%
offene
16%
wichitg
0%
Keine übereinstimmenden Quizze gefunden
Verteilung der Resultate
Anzahl Personen mit jedem Resultat
Perzentil nach korrekt beantworteten Fragen
Ihre Resultats-Entwicklung
Sie haben dieses Quiz noch nicht gespielt